The book of buried treasure : being a true history of the gold, jewels, and plate of pirates, galleons, etc., which are sought for to this day (Record no. 35544)

MARC details
000 -LEADER
fixed length control field 00535nam a2200181Ia 4500
020 ## - INTERNATIONAL STANDARD BOOK NUMBER
ISBN 0405142242
050 ## - CALL MARK
Classification number G 525 .P3/
100 ## - STATEMENT OF RESPONSIBILITY--MAIN AUTHOR NAME
Personal name Paine, Ralph Delahaye
245 #4 - TITLE STATEMENT
Title The book of buried treasure : being a true history of the gold, jewels, and plate of pirates, galleons, etc., which are sought for to this day
260 ## - PUBLICATION, DISTRIBUTION, ETC. (IMPRINT)
Place of publication New York
260 ## - PUBLICATION, DISTRIBUTION, ETC. (IMPRINT)
Name of publisher Arno Press
260 ## - PUBLICATION, DISTRIBUTION, ETC. (IMPRINT)
Year of publication 1981
300 ## - PHYSICAL DESCRIPTION
Number of Pages 425 p
650 ## - SUBJECT ADDED ENTRY--TOPICAL TERM
Topical Term Treasure troves.
942 ## - ADDED ENTRY ELEMENTS (KOHA)
Koha item type Books
Holdings
Withdrawn status Lost status Source of classification or shelving scheme Damaged status Not for loan Permanent Location Current Location Date acquired Accession Number Price effective from Koha item type
    Library of Congress Classification     NILE UNIVERSITY OF NIGERIA - MAIN LIBRARY NILE UNIVERSITY OF NIGERIA - MAIN LIBRARY 04/23/2025 0010263 04/23/2025 Books